Statistics for Major Chords Quiz

Click here to take the quiz!

General Stats

  • This quiz has been taken 25 times
  • The average score is 7 of 18

Answer Stats

HintAnswer% Correct
CC E G
100%
GG B D
86%
AA C sharp E
62%
DD F sharp A
62%
EE G sharp B
62%
BB D sharp F sharp
52%
FF A C
52%
F sharpF sharp A sharp C sharp
52%
B flatB flat D F
38%
C sharpC sharp E sharp G sharp
33%
D flatD flat F A flat
29%
E flatE flat G B flat
29%
A flatA flat C E flat
24%
C flatC flat E flat G flat
24%
G flatG flat B flat D flat
19%
A sharpA sharp D F
5%
G sharpG sharp C D sharp
5%
D sharpD sharp G A sharp
0%

Score Distribution

Percentile by Number Answered

Percent of People with Each Score

Your Score History

You have not taken this quiz